00591nam a2200181 a 450000100060000000300090000600800410001502000150005604000280007108200180009910000550011724501070017226000360027930000110031549000280032665000280035465000270038219847CO-ViMGA141112s2004 ck r 000 u spa d a950124508X aCO-ViMGAbspacCO-ViMGA04a658.404 N173e1 aNirenberg, Olga; Brawerman, Josette; Ruiz, Violeta10aEvaluar para la transformación : binnovaciones en la evaluación de programas y proyectos sociales aBuenos Aires : bPaidos, c2000 a224 p. aPaidos, Tramas sociales14aEVALUACION DE PROYECTOS14aTECNICAS DE EVALUACION